000 00427nam a2200169Ia 4500
008 221030s9999 xx 000 0 und d
020 _a8170298792
041 _aEnglish
082 _a105.23
_bAll
100 _aD. W. Allen
245 4 _aThe Learning guide to the Internet
_cby D. W. Allen, S. Johnson
260 _bBPB Pub
_aNew Delhi
_c1997
300 _a359
650 _aBE Computer
700 _aS. Johnson
942 _cBK
999 _c4796
_d4796